Tourist Capitals of the World - Statistics

General Stats
  • This quiz has been taken 70 times
  • The average score is 11 of 20
Answer Stats
attraction city % Correct
French film festival city Cannes
92%
Christ the Redeemer statue Rio de Janeiro
92%
Burj Khalifa Dubai
86%
Taj Mahal is the finest building in this city's suburbs Agra
84%
home to the Pyramids; a satellite city of its capital Giza
78%
Metropolitan Museum of Art New York
75%
building whose progressive lean was stopped in 2008 Pisa
69%
rock-cut city in southern Jordan Petra
66%
full of things Mozart Salzburg
59%
full of things Shakespeare (full name please) Stratford-upon-Avon
55%
the Alhambra, a Moorish palace/fortress Granada
48%
kiss the Blarney Stone here Cork
44%
Ayers Rock/Uluru - despite being 300 miles away! Alice Springs
41%
gateway to Macchu Picchu Cuzco
41%
terra-cotta army Xi'an
39%
Peak Tram, steeply climbing Victoria Peak Hong Kong
34%
the worlds most expensive ski resort? German-speaking 1948 Olympic venue St Moritz
28%
Swiss jazz festival city Montreux
23%
gateway to Angkor Wat and Bayon temples Siem Reap
22%
geysers, boiling mud pools, Maori culture Rotorua
19%
No matching quizzes found
Score Distribution
Percent of People with Each Score
Percentile by Number Answered
Your Score History
You have not taken this quiz